00429nam a2200169Ia 450000500170000000800410001704000190005804100120007708200170008910000130010624500400011926000360015930000120019565000140020765100280022185000100024920240208091921.0131103s9999 xx 000 0 und d aLoreto College aEnglish a370.15 bRAI aRai,B.C. aEducational Psychology, cB.C.Rai aLucknowbPrakashan Kendrac1994 a192 p.  aEducation aEducaational Psychology aLCLIB